| 000 | 00698nam a2200193 4500 | ||
|---|---|---|---|
| 999 |
_c3716 _d3716 |
||
| 008 | 160805b xxu||||| |||| 00| 0 eng d | ||
| 022 | _a00014826 | ||
| 082 | _aDPer 657.05 Ac27 Sept 2015 v. 90, n. 5 | ||
| 245 |
_aCEO contractual protection and managerial short-termism/ _cXia Chen and three others. |
||
| 260 |
_aSarasota, Florida: _bAmerican Accounting Association, _c©2015. |
||
| 300 |
_av90 n5, pages 1871-1906; _c26 cm. |
||
| 500 | _aThe Accounting Review. | ||
| 650 | 0 |
_919433 _aManpower _xPolicy |
|
| 700 |
_912373 _aChen, Xia _eAuthor |
||
| 700 |
_912374 _aCheng, Qiang _eAuthor |
||
| 700 |
_912375 _aLo, Alvis K. _eAuthor |
||
| 700 |
_912376 _aWang, Xin _eAuthor |
||
| 942 |
_2ddc _cPER |
||